000 00882nam a22002777a 4500
999 _c65162
_d65162
005 20240530110810.0
008 190115s2007 ua a f 000 0 ara d
017 _a1984/3148
_bمصر . دار الكتب
020 _a9770208590
040 _aEG-CaGPL
_cEG-CaGPL
082 0 4 _221
_a784.88 /
_bف ج
100 0 _aفايد العمروسى
245 1 2 _aالجوارى المغنيات /
_cفايد العمروسى
250 _aط.3
260 _aالقاهرة :
_bدار المعارف،
_c1984.
300 _a276 ص. :
_bايض ؛
_c22 سم.
600 0 _aعزة الميلاء
600 0 _aعلية بنت المهدى
600 0 _aذات الخال
600 0 _aسلامة الزرقاء
600 0 _aسلامة القس
650 0 7 _2qrmak
_aالغناء
651 _2qrmak
942 _2ddc
_cBK